Powiaty w województwie Opolskim - Statystyki

Ogólne statystyki
  • Ten quiz został rozwiązany 261 razy
  • Średni wynik to 8 z 12
Statystyki odpowiedzi
Hint Odpowiedź % Poprawnych
Miasto Opole
95%
Powiat Opolski
86%
Powiat Nyski
84%
Powiat Brzeski
78%
Powiat Kluczborski
73%
Powiat Namysłowski
68%
Powiat Prudnicki
63%
Powiat Strzelecki
63%
Powiat Oleski
58%
Powiat Głubczycki
57%
Powiat Krapkowicki
56%
Powiat Kędziersko-kozielski
17%
Nie znaleziono quizów pasujących do podanych kryteriów
Rozkład punktacji
Procent ludzi z każdym wynikiem
Percentyl według liczby udzielonych odpowiedzi
Twoja historia wyników
Nie rozwiązałeś tego quizu